000 00560nam a22002177a 4500
005 20151126100727.0
008 151126b xxu||||| |||| 00| 0 eng d
020 _a9788120343061
_c395.00
040 _aLoreto College
041 _aEnglish
082 _a339
_bGHO
100 _aGhosh,Chandana
245 _aMacroeconomics
_cChandana Ghosh and Ambar Ghosh
260 _aDelhi
_bPHI Learning
_c2014
300 _axiii,421p
_b22cm
504 _aIncludes index
650 _aMacroeconomics
700 _4Auth
_aGhosh,Ambar
850 _aLCLIB
942 _cBK
999 _c40209
_d90688